000 00309nam a2200133Ia 4500
005 20260326100035.0
008 260326s9999||||xx |||||||||||||| ||und||
100 _aReti, Ladislao
245 0 _aEl Leonardo desconocido /
_cLadislao Reti
260 _bTaurus
300 _a318 p.
650 _aARTE
942 _cBK
999 _c6782
_d6782